Logos de clubs de football anglais - Mort subite - Statistiques

Statistiques générales
  • Ce quiz a été pris 22 386 fois
  • Le résultat moyen est 12 sur 15
Answers on the Grid
Answers color-coded by a green-red scale on the quiz's grid according to % correct below.
 
Statistiques - réponses
Réponse % Correct
89%
89%
89%
88%
86%
86%
85%
85%
83%
80%
78%
68%
67%
60%
37%
Aucun quiz correspondant
Distribution des résultats
% des personnes avec chaque résultat
Percentile par nombre de réponses
Votre historique - résultats
Vous n’avez pas pris ce quiz